[Event "Unna op"]
[Site "Unna"]
[Date "2016.12.28"]
[Round "3"]
[White "Kolkin, Michail"]
[Black "Zarges, Stephan"]
[Result "1-0"]
[WhiteElo "2315"]
[BlackElo "1966"]
[PlyCount "103"]
[EventDate "2016.12.27"]
[EventType "swiss"]
[EventRounds "7"]
[EventCountry "GER"]
[SourceTitle "EXT 2018"]
[Source "ChessBase"]
[SourceDate "2017.10.13"]
[SourceVersion "1"]
[SourceVersionDate "2017.10.13"]
[SourceQuality "1"]

1. Nf3 d5 2. g3 Nf6 3. Bg2 Bg4 4. c4 c6 5. cxd5 cxd5 6. Qb3 Qc8 7. Nc3 e6 8. Ne5 Bf5 9. g4 Bg6 10. h4 h6 11. Nxg6 fxg6 12. g5 hxg5 13. hxg5 Rxh1+ 14. Bxh1 Nh7 15. Qa4+ Kf7 16. Nxd5 Nc6 17. Nc3 Be7 18. d3 Nxg5 19. Be3 Bf6 20. Kd2 Nh7 21. Ne4 Qd8 22. Rc1 Kg8 23. Qb3 Qa5+ 24. Kd1 Nd8 25. Nc5 Qb6 26. Nxb7 Qxb3+ 27. axb3 Bxb2 28. Rc2 Be5 29. Nxd8 Rxd8 30. Bxa7 Nf6 31. b4 Nd5 32. Bxd5 Rxd5 33. Rc5 Rd7 34. Rxe5 Rxa7 35. Rxe6 Kf7 36. Rc6 Rb7 37. Rc4 Ke6 38. Kc2 g5 39. Kc3 Rf7 40. f3 Kd6 41. b5 Re7 42. Re4 Rc7+ 43. Kb4 Rc2 44. Ka5 Ra2+ 45. Kb6 Rb2 46. d4 g6 47. Re5 Rd2 48. e3 Rd3 49. Kb7 Kd7 50. b6 Rc3 51. Rd5+ Ke7 52. Rxg5 1-0

[Event "Goch op 26th"]
[Site "Goch"]
[Date "2015.09.06"]
[Round "6"]
[White "Stein, Tobias"]
[Black "Zarges, Stephan"]
[Result "1-0"]
[WhiteElo "2020"]
[BlackElo "2109"]
[PlyCount "107"]
[EventDate "2015.09.03"]
[EventType "swiss"]
[EventRounds "7"]
[EventCountry "GER"]
[SourceTitle "EXT 2018"]
[Source "ChessBase"]
[SourceDate "2017.10.13"]
[SourceVersion "1"]
[SourceVersionDate "2017.10.13"]
[SourceQuality "1"]

1. e4 e5 2. Nf3 Nc6 3. Bb5 a6 4. Ba4 Nf6 5. d3 d6 6. c3 Be7 7. 0-0 0-0 8. Nbd2 Re8 9. Re1 Bf8 10. Nf1 h6 11. h3 b5 12. Bb3 Na5 13. Bc2 c5 14. Ng3 g6 15. d4 Qc7 16. d5 Bg7 17. Nh2 Kh8 18. Ngf1 Rf8 19. g4 Ng8 20. Ng3 b4 21. Qe2 bxc3 22. bxc3 Bd7 23. c4 Rab8 24. Bd2 Ne7 25. Rab1 Nb7 26. Rb2 Ra8 27. Reb1 Nd8 28. Qe1 a5 29. Qd1 a4 30. a3 f6 31. Ne2 Ra7 32. Nc3 f5 33. f3 fxe4 34. fxe4 Kh7 35. Bxa4 Bxa4 36. Nxa4 Bf6 37. Qb3 Nf7 38. Nc3 Bg5 39. Nb5 Qd7 40. Nxa7 Bxd2 41. Rxd2 Qxa7 42. Qb7 Qxa3 43. Qxe7 Qe3+ 44. Rf2 Qg3+ 45. Rg2 Qe3+ 46. Kh1 Qxe4 47. Rf1 Kg8 48. Qf6 Kh7 49. Qf3 Qxc4 50. Rgf2 Kg8 51. Re1 Kh7 52. Qe4 Qc3 53. Rf6 Kh8 54. Ref1 1-0

[Event "Unna op"]
[Site "Unna"]
[Date "2014.12.29"]
[Round "6"]
[White "Naundorf, Maik"]
[Black "Zarges, Stephan"]
[Result "1/2-1/2"]
[WhiteElo "2145"]
[BlackElo "2082"]
[PlyCount "123"]
[EventDate "2014.12.27"]
[EventType "swiss"]
[EventRounds "7"]
[EventCountry "GER"]
[SourceTitle "CBM 164 Extra"]
[Source "ChessBase"]
[SourceDate "2015.03.02"]
[SourceVersion "1"]
[SourceVersionDate "2015.03.02"]
[SourceQuality "1"]

1. c4 e5 2. g3 Nf6 3. Bg2 Nc6 4. Nc3 Bb4 5. Nd5 0-0 6. e3 a5 7. Ne2 Re8 8. 0-0 e4 9. a3 Bc5 10. Nec3 d6 11. Nxf6+ Qxf6 12. Nxe4 Qg6 13. d4 Bxd4 14. Nxd6 Qxd6 15. exd4 Nxd4 16. Be3 c5 17. b4 axb4 18. axb4 Rxa1 19. Qxa1 b6 20. bxc5 bxc5 21. Bxd4 cxd4 22. Bd5 d3 23. Qd1 Bf5 24. Re1 Rb8 25. Qd2 h6 26. Kg2 Qa3 27. Qf4 Qb4 28. Bxf7+ Kh8 29. Qxb8+ Qxb8 30. Re8+ Qxe8 31. Bxe8 Be6 32. Kf3 Bxc4 33. Ke3 g5 34. Bg6 d2 35. Kxd2 Kg7 36. Bd3 Be6 37. Ke3 Kf6 38. f4 Bc8 39. Bc2 Bd7 40. Bd1 Bc8 41. Bc2 Bd7 42. Kd4 Bh3 43. Ke3 Bg4 44. fxg5+ hxg5 45. h4 gxh4 46. gxh4 Kg7 47. Kf4 Be2 48. Kg5 Bf3 49. Bg6 Be2 50. Bh5 Bd3 51. Bg4 Bg6 52. Bf5 Bxf5 53. Kxf5 Kh6 54. Kg4 Kg6 55. h5+ Kh6 56. Kh4 Kh7 57. Kg5 Kg7 58. h6+ Kh7 59. Kh5 Kh8 60. Kg6 Kg8 61. h7+ Kh8 62. Kh6 1/2-1/2

[Event "Unna op"]
[Site "Unna"]
[Date "2014.12.29"]
[Round "5"]
[White "Zarges, Stephan"]
[Black "Luimes, Werner"]
[Result "1-0"]
[WhiteElo "2082"]
[BlackElo "1886"]
[PlyCount "109"]
[EventDate "2014.12.27"]
[EventType "swiss"]
[EventRounds "7"]
[EventCountry "GER"]
[SourceTitle "CBM 164 Extra"]
[Source "ChessBase"]
[SourceDate "2015.03.02"]
[SourceVersion "1"]
[SourceVersionDate "2015.03.02"]
[SourceQuality "1"]

1. e4 e5 2. Nf3 Nc6 3. Bc4 Nf6 4. d3 Bc5 5. c3 d6 6. Bb3 Bg4 7. h3 Be6 8. Nbd2 a6 9. Nf1 Qe7 10. Ng3 d5 11. 0-0 dxe4 12. dxe4 Rd8 13. Qe2 0-0 14. Nh2 Rd6 15. Qf3 Rfd8 16. Nf5 Bxf5 17. Qxf5 Qd7 18. Qf3 Na5 19. Bc2 Nc4 20. Qe2 b5 21. Nf3 Re6 22. Rd1 Qc8 23. Rxd8+ Qxd8 24. Bb3 Rd6 25. Bg5 h6 26. Bxf6 Qxf6 27. Bxc4 bxc4 28. Qxc4 Bb6 29. Qe2 Qf4 30. Kh1 a5 31. g3 Qf6 32. Kg2 Qd8 33. Rf1 f6 34. Qc4+ Kh7 35. a4 Qg8 36. Qe2 Qb3 37. Nh4 g6 38. Qg4 Qf7 39. Rd1 f5 40. exf5 gxf5 41. Qe2 Rxd1 42. Qxd1 e4 43. Qd8 e3 44. fxe3 Bxe3 45. Qd3 Bg5 46. Qxf5+ Qxf5 47. Nxf5 Bc1 48. b3 Bd2 49. c4 Kg6 50. Ne7+ Kf7 51. Nd5 c6 52. Nf4 Ke7 53. Kf3 Kd6 54. Nd3 h5 55. Ke4 1-0

[Event "Unna op"]
[Site "Unna"]
[Date "2014.12.28"]
[Round "3"]
[White "Zarges, Stephan"]
[Black "Tkachuk, Konstantyn"]
[Result "0-1"]
[WhiteElo "2082"]
[BlackElo "2265"]
[PlyCount "82"]
[EventDate "2014.12.27"]
[EventType "swiss"]
[EventRounds "7"]
[EventCountry "GER"]
[SourceTitle "CBM 164 Extra"]
[Source "ChessBase"]
[SourceDate "2015.03.02"]
[SourceVersion "1"]
[SourceVersionDate "2015.03.02"]
[SourceQuality "1"]

1. e4 c5 2. Nf3 d6 3. Bb5+ Bd7 4. Bxd7+ Qxd7 5. c4 e5 6. Nc3 Nc6 7. d3 f5 8. exf5 Nf6 9. Ng5 Qxf5 10. 0-0 h6 11. Nge4 Be7 12. Qb3 Qd7 13. Nxf6+ Bxf6 14. Nd5 0-0 15. Qd1 Ne7 16. Nxe7+ Qxe7 17. Qg4 Kh8 18. Rb1 Rad8 19. Be3 b6 20. b3 d5 21. Rbe1 Qd7 22. Qg6 Qe8 23. Qg4 Kh7 24. Bc1 Qg6 25. Qe2 Rfe8 26. f3 a5 27. Rd1 Re7 28. Kh1 a4 29. bxa4 Ra7 30. f4 exf4 31. cxd5 Rxa4 32. Rxf4 Rxf4 33. Bxf4 Rxd5 34. g3 Qf5 35. Kg2 Rd7 36. Rd2 Bc3 37. Rd1 Qd5+ 38. Kh3 c4 39. Qc2 cxd3 40. Qb3 Qh5+ 41. Kg2 Re7 0-1

[Event "Unna op"]
[Site "Unna"]
[Date "2014.12.28"]
[Round "4"]
[White "Ziabari, Morteza"]
[Black "Zarges, Stephan"]
[Result "0-1"]
[WhiteElo "1788"]
[BlackElo "2082"]
[PlyCount "80"]
[EventDate "2014.12.27"]
[EventType "swiss"]
[EventRounds "7"]
[EventCountry "GER"]
[SourceTitle "CBM 164 Extra"]
[Source "ChessBase"]
[SourceDate "2015.03.02"]
[SourceVersion "1"]
[SourceVersionDate "2015.03.02"]
[SourceQuality "1"]

1. e4 e5 2. Nf3 Nc6 3. Bb5 f5 4. Bxc6 dxc6 5. Nxe5 Qd4 6. Nf3 Qxe4+ 7. Qe2 Nf6 8. Nc3 Qxe2+ 9. Nxe2 Bd6 10. d4 0-0 11. 0-0 Re8 12. Nc3 Bd7 13. h3 b6 14. Bg5 Nd5 15. Rfe1 Nxc3 16. bxc3 Be6 17. Ne5 h6 18. Bd2 c5 19. a4 Bd5 20. f4 Be4 21. Ra2 Rad8 22. Be3 cxd4 23. cxd4 Bb4 24. Rd1 c5 25. Nd3 Bd5 26. Nxb4 cxb4 27. Rb2 Rxe3 28. Rxb4 Re2 29. c4 Rxg2+ 30. Kf1 Bf3 31. Rd3 Be4 32. d5 Ra2 33. Rg3 Rd7 34. h4 Bc2 35. Re3 Rxa4 36. Rxa4 Bxa4 37. Ke2 Kf7 38. Kd2 b5 39. Ra3 a6 40. Kc3 Rc7 0-1

[Event "NRW Class2 1011"]
[Site "Germany"]
[Date "2011.03.13"]
[Round "8.6"]
[White "Wicht, Juergen"]
[Black "Zarges, Stephan"]
[Result "1-0"]
[WhiteElo "2149"]
[BlackElo "2092"]
[PlyCount "69"]
[EventDate "2010.09.26"]
[EventType "team-tourn"]
[EventRounds "9"]
[EventCountry "GER"]
[SourceTitle "EXT 2012"]
[Source "ChessBase"]
[SourceDate "2011.11.24"]
[SourceVersion "1"]
[SourceVersionDate "2011.11.24"]
[SourceQuality "1"]
[WhiteTeam "Elberfeld"]
[BlackTeam "Schwerte"]
[WhiteTeamCountry "GER"]
[BlackTeamCountry "GER"]

1. d4 Nf6 2. c4 e6 3. Nf3 b6 4. a3 Be7 5. Nc3 d5 6. cxd5 exd5 7. Bf4 0-0 8. Rc1 c5 9. g3 Nc6 10. Bg2 Bb7 11. 0-0 c4 12. Ne1 Na5 13. Nc2 Nb3 14. Rb1 Qd7 15. Bg5 Rfe8 16. Bxf6 Bxf6 17. Nb4 Bxd4 18. Nbxd5 Rad8 19. e4 f5 20. Re1 fxe4 21. Rxe4 Rxe4 22. Bxe4 Bxc3 23. Qh5 g6 24. Bxg6 Bxd5 25. Bf5 Qg7 26. bxc3 Nd2 27. Rd1 Bf3 28. Bxh7+ Kf8 29. Qf5+ Qf7 30. Qg5 Bxd1 31. Qxd8+ Kg7 32. Qxd2 Bf3 33. Bc2 Bd5 34. Qg5+ Kh8 35. Qf5 1-0

[Event "NRW Class2 1011"]
[Site "Germany"]
[Date "2011.02.20"]
[Round "7.6"]
[White "Sponheim, Marko"]
[Black "Zarges, Stephan"]
[Result "0-1"]
[WhiteElo "2046"]
[BlackElo "2092"]
[PlyCount "114"]
[EventDate "2010.09.26"]
[EventType "team-tourn"]
[EventRounds "9"]
[EventCountry "GER"]
[SourceTitle "EXT 2012"]
[Source "ChessBase"]
[SourceDate "2011.11.24"]
[SourceVersion "1"]
[SourceVersionDate "2011.11.24"]
[SourceQuality "1"]
[WhiteTeam "Mettmann Sport"]
[BlackTeam "Schwerte"]
[WhiteTeamCountry "GER"]
[BlackTeamCountry "GER"]

1. e4 e5 2. Nf3 Nc6 3. d4 exd4 4. Nxd4 Bc5 5. Be3 Qf6 6. c3 Nge7 7. Bc4 Ne5 8. Be2 d6 9. f4 N5c6 10. 0-0 0-0 11. Qd2 a6 12. Kh1 Bd7 13. Bf3 Ba7 14. Nxc6 Bxc6 15. Bd4 Bxd4 16. cxd4 d5 17. e5 Qh6 18. Nc3 Rad8 19. a4 f6 20. Qd3 Be8 21. Kg1 Kh8 22. g3 Bg6 23. Qe2 fxe5 24. Qxe5 Nc6 25. Qe3 Rfe8 26. Qd2 Be4 27. Rae1 Bxf3 28. Rxe8+ Rxe8 29. Rxf3 Qe6 30. Rf2 Rd8 31. Re2 Qd6 32. Nd1 Qf6 33. Qe3 h6 34. Rd2 Qg6 35. Qd3 Qg4 36. Nf2 Qh5 37. Nd1 Re8 38. Nc3 Re1+ 39. Kg2 Qf7 40. Qf3 Ne7 41. Re2 Rxe2+ 42. Qxe2 Nf5 43. Qe5 c6 44. a5 Kh7 45. Ne2 Qg6 46. h3 Nd6 47. Qe3 Nc4 48. Qc3 Qe4+ 49. Kf2 Nd6 50. Qf3 Qc2 51. b3 Ne4+ 52. Kg2 Nd2 53. Qh5 Qe4+ 54. Kf2 Nxb3 55. f5 Nxd4 56. Qg6+ Kg8 57. Nf4 Qxf5 0-1

[Event "NRW Class2 1011"]
[Site "Germany"]
[Date "2011.01.09"]
[Round "5.6"]
[White "Mews, Bernhard"]
[Black "Zarges, Stephan"]
[Result "1/2-1/2"]
[WhiteElo "2087"]
[BlackElo "2092"]
[PlyCount "117"]
[EventDate "2010.09.26"]
[EventType "team-tourn"]
[EventRounds "9"]
[EventCountry "GER"]
[SourceTitle "EXT 2012"]
[Source "ChessBase"]
[SourceDate "2011.11.24"]
[SourceVersion "1"]
[SourceVersionDate "2011.11.24"]
[SourceQuality "1"]
[WhiteTeam "Koeln Lasker"]
[BlackTeam "Schwerte"]
[WhiteTeamCountry "GER"]
[BlackTeamCountry "GER"]

1. e4 e5 2. Nf3 Nc6 3. d4 exd4 4. Nxd4 Bc5 5. Nxc6 Qf6 6. Qf3 bxc6 7. Nd2 d6 8. Nb3 Bb6 9. a4 a5 10. Bd2 Qxf3 11. gxf3 Nf6 12. Rg1 0-0 13. Bh6 Ne8 14. Be3 f5 15. Bxb6 cxb6 16. Rd1 Rf6 17. Nd4 fxe4 18. fxe4 Bd7 19. Rg3 Rh6 20. h3 Nf6 21. Re3 Re8 22. Bg2 Rh4 23. Nf5 Bxf5 24. exf5 Rxe3+ 25. fxe3 d5 26. b3 Rh5 27. e4 dxe4 28. Rd6 Rxf5 29. Rxc6 Nd5 30. Re6 Rf6 31. Rxe4 Nf4 32. Bf1 Kf8 33. Re3 g5 34. Kd2 Rd6+ 35. Ke1 Kf7 36. c3 Kf6 37. Re8 Kf5 38. Re7 h6 39. Re8 Re6+ 40. Rxe6 Nxe6 41. b4 Ke4 42. Kf2 Nf4 43. Kg3 h5 44. Bb5 Ke5 45. Ba6 Nd5 46. bxa5 bxa5 47. c4 Nf6 48. Bb5 Kd4 49. Kf3 Ne4 50. Be8 g4+ 51. hxg4 hxg4+ 52. Kf4 g3 53. Kf3 g2 54. Kxg2 Kxc4 55. Kf3 Nc5 56. Ke2 Kc3 57. Kd1 Kb2 58. Bc6 Ne6 59. Be8 1/2-1/2

[Event "Recklinghausen op 15th"]
[Site "Recklinghausen"]
[Date "2005.08.01"]
[Round "1"]
[White "Mainka, Romuald"]
[Black "Zarges, Stephan"]
[Result "1-0"]
[WhiteElo "2446"]
[BlackElo "2138"]
[PlyCount "57"]
[EventDate "2005.08.01"]
[EventType "swiss"]
[EventRounds "7"]
[EventCountry "GER"]
[SourceTitle "CBM 107 Extra"]
[Source "ChessBase"]
[SourceDate "2005.09.01"]
[SourceVersion "1"]
[SourceVersionDate "2005.09.01"]
[SourceQuality "1"]

1. e4 e5 2. Nf3 Nc6 3. Bc4 Bc5 4. d3 Nf6 5. c3 d6 6. Nbd2 0-0 7. h3 Bb6 8. Bb3 Ne7 9. Nf1 Ng6 10. Ng3 Be6 11. 0-0 Bxb3 12. Qxb3 Nd7 13. d4 Nh4 14. Nxh4 Qxh4 15. Be3 Rfe8 16. a4 a5 17. Rae1 Rab8 18. Kh2 exd4 19. cxd4 Qf6 20. f4 Nf8 21. Qd1 Qd8 22. f5 c5 23. f6 g6 24. d5 Nd7 25. Bh6 Ne5 26. Qd2 Qd7 27. Bg7 Bd8 28. Qh6 b5 29. Bh8 1-0

[Event "Dortmund op-A"]
[Site "Dortmund"]
[Date "2005.07.16"]
[Round "8"]
[White "Zarges, Stephan"]
[Black "Taylor Bowd, Philip J"]
[Result "1/2-1/2"]
[WhiteElo "2138"]
[BlackElo "2054"]
[PlyCount "82"]
[EventDate "2005.07.08"]
[EventType "swiss"]
[EventRounds "9"]
[EventCountry "GER"]
[SourceTitle "CBM 107 Extra"]
[Source "ChessBase"]
[SourceDate "2005.09.01"]
[SourceVersion "1"]
[SourceVersionDate "2005.09.01"]
[SourceQuality "1"]

1. e4 d6 2. d4 Nf6 3. Nc3 Nbd7 4. Nf3 e5 5. Bc4 Be7 6. 0-0 0-0 7. Re1 c6 8. a4 b6 9. Ba2 Qc7 10. Nh4 Re8 11. Nf5 Nf8 12. dxe5 dxe5 13. Qf3 Be6 14. Bg5 Ng6 15. Ne2 Bxa2 16. Rxa2 Nd7 17. Bxe7 Nxe7 18. Ra3 Nf8 19. Qg4 Nxf5 20. exf5 f6 21. Ng3 Rad8 22. Ne4 Qf7 23. Rc3 c5 24. a5 Rd4 25. axb6 axb6 26. Ra3 Red8 27. c3 h5 28. Qe2 Rd3 29. h4 g6 30. fxg6 Qxg6 31. Ra6 Ne6 32. Rxb6 Nf4 33. Nxf6+ Kf7 34. Qe4 Rd1 35. Qxg6+ Nxg6 36. Rxd1 Rxd1+ 37. Kh2 Rd2 38. Kg3 Nf4 39. Kf3 c4 40. Nd7 Rxd7 41. g3 Nd5 1/2-1/2

[Event "Dortmund op-A"]
[Site "Dortmund"]
[Date "2005.07.10"]
[Round "3"]
[White "Babczyk, Adrian"]
[Black "Zarges, Stephan"]
[Result "0-1"]
[WhiteElo "1996"]
[BlackElo "2138"]
[PlyCount "78"]
[EventDate "2005.07.08"]
[EventType "swiss"]
[EventRounds "9"]
[EventCountry "GER"]
[SourceTitle "CBM 107 Extra"]
[Source "ChessBase"]
[SourceDate "2005.09.01"]
[SourceVersion "1"]
[SourceVersionDate "2005.09.01"]
[SourceQuality "1"]

1. Nf3 Nf6 2. d4 e6 3. c4 b6 4. Nc3 Bb4 5. Bg5 h6 6. Bd2 Ba6 7. e3 0-0 8. Qc2 d5 9. b3 Nbd7 10. Bd3 dxc4 11. Bxc4 Bxc4 12. bxc4 c5 13. 0-0 cxd4 14. exd4 Rc8 15. Qb3 Bxc3 16. Bxc3 Qc7 17. Bb4 Rfe8 18. Rac1 Nh5 19. Rc2 Qf4 20. Bd2 Qg4 21. h3 Qg6 22. Rfc1 e5 23. Qa4 Rcd8 24. c5 exd4 25. c6 Nc5 26. Rxc5 bxc5 27. c7 Rc8 28. Rxc5 Qb1+ 29. Rc1 Qb7 30. Nxd4 Re4 31. Qd7 Nf6 32. Qd6 Ne8 33. Qd8 Rxc7 34. Rxc7 Qxc7 35. Qxc7 Nxc7 36. Bc3 Nd5 37. Bb2 Re1+ 38. Kh2 Rb1 39. Ba3 Ra1 0-1

[Event "Dortmund op-A"]
[Site "Dortmund"]
[Date "2005.07.08"]
[Round "1"]
[White "Zarges, Stephan"]
[Black "Werner, Michael"]
[Result "1/2-1/2"]
[WhiteElo "2138"]
[BlackElo "1995"]
[PlyCount "83"]
[EventDate "2005.07.08"]
[EventType "swiss"]
[EventRounds "9"]
[EventCountry "GER"]
[SourceTitle "CBM 107 Extra"]
[Source "ChessBase"]
[SourceDate "2005.09.01"]
[SourceVersion "1"]
[SourceVersionDate "2005.09.01"]
[SourceQuality "1"]

1. e4 c5 2. Nf3 e6 3. d4 cxd4 4. Nxd4 a6 5. Nc3 Qc7 6. g3 Nf6 7. Bg2 Nc6 8. 0-0 Rb8 9. a4 Be7 10. Nb3 0-0 11. f4 Na5 12. Nxa5 Qxa5 13. Be3 Bc5 14. Qe2 Qb6 15. Bxc5 Qxc5+ 16. Kh1 d6 17. Rfd1 b6 18. Rd2 Bb7 19. Qd3 Rfd8 20. Rad1 Ng4 21. Qd4 Qxd4 22. Rxd4 Nf2+ 23. Kg1 Nxd1 24. Rxd1 Kf8 25. Kf2 Ke7 26. Bf3 g6 27. Be2 Ra8 28. Bf3 f5 29. Re1 fxe4 30. Nxe4 Bxe4 31. Bxe4 d5 32. Bd3 Kf6 33. Re5 b5 34. a5 Rac8 35. Ke3 h6 36. h4 d4+ 37. Ke4 h5 38. Rg5 Rc7 39. Kf3 Rg8 40. Ke4 Rd8 41. Kf3 Rg8 42. Ke4 1/2-1/2

[Event "Canarias en Red prel 2nd"]
[Site "Playchess.com INT"]
[Date "2004.05.04"]
[Round "9"]
[White "Schoeneberg, Manfred"]
[Black "Zarges, Stephan"]
[Result "1-0"]
[WhiteElo "2321"]
[BlackElo "2138"]
[PlyCount "67"]
[EventDate "2004.05.04"]
[EventType "swiss (blitz)"]
[EventRounds "13"]
[EventCountry "GER"]
[SourceTitle "EXT 2005"]
[Source "ChessBase"]
[SourceDate "2004.11.15"]
[SourceVersion "1"]
[SourceVersionDate "2004.11.15"]
[SourceQuality "1"]

1. e4 e5 2. Nf3 Nc6 3. Bb5 Bc5 4. 0-0 Nd4 5. Nxd4 Bxd4 6. c3 Bb6 7. d4 c6 8. Bc4 d6 9. dxe5 dxe5 10. Qb3 Qe7 11. a4 Nf6 12. a5 Bc7 13. Bg5 0-0 14. Nd2 h6 15. Bh4 Rb8 16. h3 b5 17. Be2 Be6 18. Qc2 a6 19. b4 Bd8 20. Nb3 Qa7 21. Nc5 Nh5 22. Bxd8 Nf4 23. Bb6 Qe7 24. Bg4 Bxg4 25. hxg4 Qg5 26. Nd3 Qxg4 27. Nxf4 exf4 28. f3 Qg5 29. Rad1 Rbe8 30. Rd6 Re6 31. Rxe6 fxe6 32. Rd1 h5 33. Qb3 Qe5 34. Bd4 1-0

[Event "Oberliga NRW 0001 II"]
[Site "NRW"]
[Date "2001.04.22"]
[Round "8.5"]
[White "Reinemer, Frank"]
[Black "Zarges, Stephan"]
[Result "0-1"]
[WhiteElo "2186"]
[BlackElo "2019"]
[PlyCount "76"]
[EventDate "2000.09.24"]
[EventType "team"]
[EventRounds "9"]
[EventCountry "GER"]
[SourceTitle "EXT 2006"]
[Source "ChessBase"]
[SourceDate "2005.11.24"]
[SourceVersion "1"]
[SourceVersionDate "2005.11.24"]
[SourceQuality "1"]
[WhiteTeam "Monheim"]
[BlackTeam "Schwerte"]
[WhiteTeamCountry "GER"]
[BlackTeamCountry "GER"]

1. d4 Nf6 2. c4 g6 3. Nc3 Bg7 4. e4 d6 5. f4 0-0 6. Nf3 c5 7. d5 e6 8. Be2 exd5 9. cxd5 b5 10. e5 dxe5 11. fxe5 Ng4 12. Bg5 f6 13. exf6 Bxf6 14. Qd2 Bxg5 15. Qxg5 Bf5 16. Qxd8 Rxd8 17. Nxb5 Nd7 18. Nd6 Ndf6 19. Nxf5 gxf5 20. Nh4 Ne3 21. Kf2 Nfxd5 22. Rhc1 Rab8 23. b3 Rb4 24. g3 Rc8 25. Bc4 Nxc4 26. Rxc4 f4 27. Rac1 fxg3+ 28. Kxg3 Rxc4 29. Rxc4 Nb6 30. Rg4+ Kf7 31. Nf3 Kf6 32. Rf4+ Kg7 33. Ng5 Kg6 34. h4 c4 35. bxc4 Rxc4 36. Ne4 h5 37. Nd6 Rc3+ 38. Rf3 Nd5 0-1

[Event "Oberliga NRW 0001 II"]
[Site "NRW"]
[Date "2001.01.14"]
[Round "5.5"]
[White "Zarges, Stephan"]
[Black "Wisskirchen, Andreas"]
[Result "0-1"]
[WhiteElo "2019"]
[BlackElo "2267"]
[PlyCount "74"]
[EventDate "2000.09.24"]
[EventType "team"]
[EventRounds "9"]
[EventCountry "GER"]
[SourceTitle "EXT 2006"]
[Source "ChessBase"]
[SourceDate "2005.11.24"]
[SourceVersion "1"]
[SourceVersionDate "2005.11.24"]
[SourceQuality "1"]
[WhiteTeam "Schwerte"]
[BlackTeam "Koeln SF"]
[WhiteTeamCountry "GER"]
[BlackTeamCountry "GER"]

1. e4 c5 2. Nf3 d6 3. d4 cxd4 4. Nxd4 Nf6 5. Nc3 g6 6. Be3 Bg7 7. f3 Nc6 8. Qd2 0-0 9. Bc4 Bd7 10. 0-0-0 Qa5 11. Bb3 Rfc8 12. h4 Ne5 13. h5 Nxh5 14. Nde2 Nc4 15. Bxc4 Rxc4 16. Bh6 Rac8 17. Bxg7 Kxg7 18. g4 Nf6 19. Qh6+ Kg8 20. Rd3 Qd8 21. e5 dxe5 22. Ng3 Rd4 23. Rxd4 exd4 24. Nce4 Qc7 25. Rh2 Qe5 26. g5 Nxe4 27. Qxh7+ Kf8 28. Nxe4 Bf5 29. Qh6+ Ke8 30. Re2 Qf4+ 31. Kb1 Kd7 32. Qg7 Kc7 33. Qxf7 Kb8 34. Qxe7 d3 35. Rf2 Qe3 36. Qd6+ Ka8 37. Qxd3 Qe1+ 0-1

[Event "Oberliga NRW 0001 II"]
[Site "NRW"]
[Date "2000.12.17"]
[Round "4.5"]
[White "Petersen, Carsten"]
[Black "Zarges, Stephan"]
[Result "0-1"]
[WhiteElo "1957"]
[BlackElo "2019"]
[PlyCount "138"]
[EventDate "2000.09.24"]
[EventType "team"]
[EventRounds "9"]
[EventCountry "GER"]
[SourceTitle "EXT 2006"]
[Source "ChessBase"]
[SourceDate "2005.11.24"]
[SourceVersion "1"]
[SourceVersionDate "2005.11.24"]
[SourceQuality "1"]
[WhiteTeam "Enger Spenge"]
[BlackTeam "Schwerte"]
[WhiteTeamCountry "GER"]
[BlackTeamCountry "GER"]

1. d4 Nf6 2. c4 e6 3. g3 Bb4+ 4. Bd2 Bxd2+ 5. Nxd2 d6 6. Ngf3 Qe7 7. Bg2 e5 8. Qa4+ Nbd7 9. 0-0 0-0 10. e3 h6 11. Ne1 c6 12. Nc2 Nh7 13. e4 f5 14. exf5 Nb6 15. Qb3 Bxf5 16. Rae1 Qf6 17. dxe5 dxe5 18. Ne3 Rad8 19. Nxf5 Rxd2 20. Qc3 Rfd8 21. Qxe5 Qxe5 22. Rxe5 Nxc4 23. Re7 Rf8 24. Nxg7 Rxb2 25. Ne6 Rf6 26. h4 Nd6 27. f4 Nf5 28. Re8+ Kf7 29. Rh8 Rxe6 30. Rxh7+ Kg6 31. Rh8 Kg7 32. Rd8 Nxg3 33. Rfd1 Ne2+ 34. Kh1 Nxf4 35. Bf1 Nd5 36. Bc4 Re4 37. Rd7+ Kf6 38. Bxd5 Rxh4+ 39. Kg1 cxd5 40. R1xd5 Re4 41. R5d6+ Re6 42. Rd1 Kg6 43. a4 Re4 44. a5 Ra4 45. R7d5 a6 46. Re1 Rg4+ 47. Kf1 Rf4+ 48. Kg1 Rf5 49. Ree5 Rxe5 50. Rxe5 Kf6 51. Rh5 Kg7 52. Rd5 Rb5 53. Rd6 Kf8 54. Rxh6 Rxa5 55. Rh7 Rb5 56. Kf2 a5 57. Ke3 Rb4 58. Kd3 Ke8 59. Rh5 b6 60. Rh7 Kd8 61. Kc3 Kc8 62. Rg7 Rb5 63. Kc4 Rc5+ 64. Kb3 Rc7 65. Rg8+ Kb7 66. Ka4 Ka6 67. Ra8+ Kb7 68. Rh8 Rc4+ 69. Kb5 Rb4# 0-1

[Event "Oberliga NRW 0001 II"]
[Site "NRW"]
[Date "2000.09.24"]
[Round "1.5"]
[White "Zarges, Stephan"]
[Black "Schulenburg, Pit"]
[Result "0-1"]
[WhiteElo "2019"]
[BlackElo "2251"]
[PlyCount "124"]
[EventDate "2000.09.24"]
[EventType "team"]
[EventRounds "9"]
[EventCountry "GER"]
[SourceTitle "EXT 2006"]
[Source "ChessBase"]
[SourceDate "2005.11.24"]
[SourceVersion "1"]
[SourceVersionDate "2005.11.24"]
[SourceQuality "1"]
[WhiteTeam "Schwerte"]
[BlackTeam "Brackel"]
[WhiteTeamCountry "GER"]
[BlackTeamCountry "GER"]

1. e4 e6 2. d4 a6 3. c4 b5 4. cxb5 axb5 5. Bxb5 Bb7 6. Nc3 Bb4 7. f3 Qh4+ 8. Kf1 Ra5 9. Bd3 c5 10. Be3 Nc6 11. dxc5 Qd8 12. Nge2 Bxc5 13. Bxc5 Rxc5 14. Qb3 Qb8 15. Rd1 Nge7 16. Qb6 Rh5 17. Ng3 Rh6 18. Bc2 Nb4 19. Qxb4 Ba6+ 20. Nb5 Nc6 21. Qc3 Bxb5+ 22. Bd3 0-0 23. Rd2 Nb4 24. Bxb5 Qxb5+ 25. Kf2 Nxa2 26. Qd3 Qxd3 27. Rxd3 Rb8 28. b3 d5 29. exd5 Nb4 30. Rd2 exd5 31. Nf5 Ra6 32. Rb1 g6 33. Ne3 Rb5 34. g4 h6 35. Rbd1 Raa5 36. h4 Kf8 37. Kg3 Ke7 38. Re2 Kf6 39. f4 Ra3 40. g5+ Kg7 41. Rb2 hxg5 42. hxg5 Kf8 43. Kf2 Ke7 44. Rbd2 Ke6 45. Re1 Kd7 46. Rb1 Ra2 47. Rxa2 Nxa2 48. Rb2 Nc1 49. Kf3 Ke6 50. b4 Nd3 51. Rb3 Nxb4 52. Kg4 Rb8 53. Nc2 Nc6 54. Rd3 Rb2 55. Ne1 d4 56. Ra3 Re2 57. Nd3 Re3 58. Ra6 Kd5 59. Nb2 d3 60. Nd1 Re6 61. Ra4 Re1 62. Nc3+ Kc5 0-1